LEADER 00859nam0 2200289 450 001 000006831 005 20060327104143.0 010 $a88-14-10195-7 100 $a20060327d2003----km-y0itay50------ba 101 0 $aita 102 $aIT 105 $ay---n---001yy 200 1 $aCodice civile$fa cura di Pietro Rescigno$gcoordinatori G. P. Cirillo, V. Cuffaro, F. Roselli 205 $a5. ed. 210 $aMilano$cGiuffrè$d2003 215 $a2 v.$d24 cm 225 2 $a<>fonti del diritto italiano 410 0$12001$a<>fonti del diritto italiano 676 $a346.45002632$v20 702 1$aRescigno,$bPietro 710 02$aItalia$0423419 801 0$aIT$bUNIPARTHENOPE$c20060327$gRICA$2UNIMARC 912 $a000006831 951 $a3D2(1)$b558(1)$cNAVA3 951 $a3D2(2)$b558(2)$cNAVA3 996 $aCodice civile$940105 997 $aUNIPARTHENOPE